000 00268nam a22001097a 4500
005 20251008141414.0
008 251008b |||||||| |||| 00| 0 eng d
040 _cPK-LaNCA
082 _a720.922
_bMCK
245 _aMckim, Mead and white: the masterworks
942 _cBK
999 _c66891
_d66891